[Event "BCF-chT4S 1920 (4NCL)"]
[Site "England"]
[Date "2020.02.08"]
[Round "5.86"]
[White "Kumar, Soham"]
[Black "Davidson, Laura"]
[Result "1-0"]
[WhiteElo "1598"]
[BlackElo "1735"]
[PlyCount "107"]
[EventDate "2019.11.09"]
[EventType "team-swiss"]
[EventRounds "11"]
[EventCountry "ENG"]
[SourceTitle "EXT 2022"]
[Source "ChessBase"]
[SourceDate "2021.10.06"]
[SourceVersion "1"]
[SourceVersionDate "2021.10.06"]
[SourceQuality "1"]
[WhiteTeam "CSC III"]
[BlackTeam "Throw in the Tal"]
[WhiteTeamCountry "ENG"]
[BlackTeamCountry "ENG"]

1. e4 e5 2. Nf3 Nc6 3. Bb5 a6 4. Ba4 Nf6 5. 0-0 b5 6. Bb3 Bc5 7. Re1 d6 8. h3 0-0 9. c3 h6 10. d4 Bb6 11. a4 Bb7 12. Bc2 Re8 13. d5 Ne7 14. Nbd2 Ng6 15. g3 Nh5 16. Nf1 Qd7 17. Kg2 Bc8 18. Ng1 Nf6 19. axb5 a5 20. Ne3 Qd8 21. b4 Bd7 22. bxa5 Rxa5 23. Rxa5 Bxa5 24. Qd3 Nh5 25. Ne2 Qc8 26. Rh1 Rf8 27. c4 Re8 28. Bd2 Bb6 29. Qa3 Qd8 30. h4 Bc8 31. Ba5 Bc5 32. Bb4 Bb6 33. c5 dxc5 34. Bxc5 Qf6 35. Bxb6 Qxb6 36. Qb3 Nf6 37. Nc4 Qc5 38. Bd3 Ng4 39. Rf1 Bd7 40. b6 cxb6 41. Qxb6 Qe7 42. Ne3 Nf6 43. Rc1 Qa3 44. Rc3 Qa1 45. Rc7 Bh3+ 46. Kh2 Qe1 47. d6 Nf4 48. gxf4 Qxf2+ 49. Kxh3 exf4 50. d7 Rf8 51. Qc5 Qf3+ 52. Kh2 fxe3 53. Qxf8+ Kxf8 54. Rc8+ 1-0

[Event "EU-ch U16 Girls"]
[Site "Bratislava"]
[Date "2019.08.07"]
[Round "6"]
[White "Golsta, Ramona"]
[Black "Davidson, Laura"]
[Result "1-0"]
[WhiteElo "1738"]
[BlackElo "1616"]
[PlyCount "127"]
[EventDate "2019.08.02"]
[EventType "swiss"]
[EventRounds "9"]
[EventCountry "SVK"]
[SourceTitle "CBM 191 Extra"]
[Source "ChessBase"]
[SourceDate "2019.09.30"]
[SourceVersion "1"]
[SourceVersionDate "2019.09.30"]
[SourceQuality "1"]

1. Nf3 Nf6 2. g3 d5 3. Bg2 e6 4. 0-0 Be7 5. c4 0-0 6. b3 c5 7. Bb2 Nc6 8. e3 b6 9. Nc3 Bb7 10. cxd5 Nxd5 11. Nxd5 exd5 12. d4 Bf6 13. a3 Rc8 14. Rc1 Qd7 15. Qd2 Ba6 16. Rfe1 Na5 17. Qd1 Nc6 18. Ne5 Qe6 19. Ng4 Rfd8 20. Bh3 Kh8 21. Kg2 Rc7 22. Qf3 Bc8 23. Qf4 Rb7 24. Kg1 Na5 25. Nxf6 Qxf6 26. Qxf6 gxf6 27. dxc5 Kg7 28. Bxc8 Rxc8 29. cxb6 Rxc1 30. Rxc1 Rxb6 31. b4 Nc4 32. Bd4 Ra6 33. e4 Nd2 34. Bb2 dxe4 35. b5 Nf3+ 36. Kg2 Re6 37. a4 Kg6 38. a5 Ne5 39. Rc7 Nd3 40. Bd4 Ne1+ 41. Kf1 Nf3 42. Bxa7 Rd6 43. Rc1 Nd2+ 44. Kg2 Nb3 45. Rc6 Rd5 46. a6 Rxb5 47. Rb6 Nd4 48. Rxb5 Nxb5 49. Bb8 Kg5 50. a7 Nxa7 51. Bxa7 Kg4 52. h3+ Kh5 53. g4+ Kg5 54. Kg3 h5 55. Be3+ Kg6 56. Kf4 hxg4 57. hxg4 Kh6 58. Kxe4+ Kg6 59. Kf4 f5 60. g5 f6 61. gxf6 Kxf6 62. Bd4+ Kg6 63. Ke5 Kg5 64. f4+ 1-0

[Event "BCF-ch U16"]
[Site "Hull"]
[Date "2018.08.04"]
[Round "7"]
[White "Davidson, Laura"]
[Black "Potel, Zachary"]
[Result "1-0"]
[WhiteElo "1655"]
[BlackElo "1444"]
[PlyCount "115"]
[EventDate "2018.07.29"]
[EventType "swiss"]
[EventRounds "7"]
[EventCountry "ENG"]
[SourceTitle "CBM 186 Extra"]
[Source "ChessBase"]
[SourceDate "2018.08.24"]
[SourceVersion "1"]
[SourceVersionDate "2018.08.24"]
[SourceQuality "1"]

1. e4 e5 2. Bc4 Nf6 3. d3 d5 4. exd5 Nxd5 5. Nf3 f6 6. h3 Nc6 7. 0-0 Bc5 8. Re1 0-0 9. Nc3 Be6 10. a3 Re8 11. Ne4 Bb6 12. Ng3 Nf4 13. Bxf4 Bxc4 14. Bxe5 Nxe5 15. dxc4 Qxd1 16. Rexd1 Nxc4 17. b3 Nd6 18. c4 Ne4 19. Nxe4 Rxe4 20. Rac1 c5 21. Rd7 Rb8 22. Kf1 Ba5 23. Rcd1 Kf8 24. R7d5 Bb6 25. g3 Rbe8 26. Rd7 R8e7 27. Nh4 Re1+ 28. Kg2 Rxd1 29. Rxd1 g6 30. Rd6 Kf7 31. b4 Re6 32. Rd7+ Re7 33. Rd5 Re5 34. Rxe5 fxe5 35. Nf3 Kf6 36. Nd2 Kf5 37. Kf3 a5 38. bxa5 Bxa5 39. g4+ Ke6 40. Ne4 b6 41. Ng5+ Ke7 42. Nxh7 Bd2 43. g5 b5 44. cxb5 c4 45. Ke2 c3 46. Kd1 Kd6 47. Kc2 Be1 48. f3 Kc5 49. a4 Bf2 50. Kxc3 Kd5 51. Kd3 Ke6 52. Nf8+ Kf5 53. Nd7 Kf4 54. b6 Kxf3 55. b7 Ba7 56. Nxe5+ Kg3 57. Nc6 Kh4 58. Nxa7 1-0

[Event "BCF-ch U16"]
[Site "Hull"]
[Date "2018.08.01"]
[Round "4"]
[White "Anilkumar, Anantha P"]
[Black "Davidson, Laura"]
[Result "1-0"]
[WhiteElo "1903"]
[BlackElo "1655"]
[PlyCount "91"]
[EventDate "2018.07.29"]
[EventType "swiss"]
[EventRounds "7"]
[EventCountry "ENG"]
[SourceTitle "CBM 186 Extra"]
[Source "ChessBase"]
[SourceDate "2018.08.24"]
[SourceVersion "1"]
[SourceVersionDate "2018.08.24"]
[SourceQuality "1"]

1. d4 Nf6 2. c4 e6 3. Nc3 Bb4 4. Nf3 0-0 5. Bg5 h6 6. Bh4 d5 7. e3 Nbd7 8. Bd3 dxc4 9. Bxc4 c5 10. 0-0 a6 11. Ne5 Bxc3 12. bxc3 Nxe5 13. dxe5 Qxd1 14. Rfxd1 Ne4 15. Rac1 g5 16. Bd3 Nxc3 17. Rxc3 gxh4 18. Rxc5 Bd7 19. Be4 Ba4 20. Rb1 Rab8 21. Rxb7 Rxb7 22. Bxb7 Rb8 23. Rc8+ Rxc8 24. Bxc8 Bb5 25. a4 Bxa4 26. Bxa6 Kg7 27. Bd3 Bc6 28. f4 Bd7 29. Kf2 h5 30. e4 Kh6 31. Ke3 Bc6 32. Kd4 Bb7 33. Kc5 Ba8 34. Kd6 Bb7 35. Ke7 Kg7 36. g3 h3 37. f5 Bc8 38. f6+ Kg6 39. Bb5 h4 40. gxh4 Kh5 41. Kxf7 Kg4 42. Kg7 Kf3 43. f7 Kg2 44. f8Q Kxh2 45. Qf2+ Kh1 46. Be2 1-0

[Event "Basingstoke 4NCL Spring Bank op-B 1st"]
[Site "Basingstoke"]
[Date "2018.05.28"]
[Round "7"]
[White "Di Vetta, Andrew"]
[Black "Davidson, Laura"]
[Result "1/2-1/2"]
[WhiteElo "1684"]
[BlackElo "1632"]
[PlyCount "59"]
[EventDate "2018.05.25"]
[EventType "swiss"]
[EventRounds "7"]
[EventCountry "ENG"]
[SourceTitle "CBM 184 Extra"]
[Source "ChessBase"]
[SourceDate "2018.06.28"]
[SourceVersion "1"]
[SourceVersionDate "2018.06.28"]
[SourceQuality "1"]

1. d4 Nf6 2. Nf3 e6 3. Bf4 d5 4. e3 c5 5. c3 Nc6 6. Bd3 Bd6 7. Ne5 Qc7 8. Qa4 cxd4 9. cxd4 Bb4+ 10. Nc3 Qa5 11. Qxa5 Bxa5 12. Nxc6 Bxc3+ 13. bxc3 bxc6 14. Bd6 Kd7 15. Bc5 a5 16. f3 Re8 17. Kd2 Kc7 18. Rab1 Nd7 19. Ba3 Ba6 20. e4 Bxd3 21. Kxd3 Nb6 22. e5 Nc4 23. Bc5 Rab8 24. f4 g6 25. g4 Rg8 26. g5 Rb5 27. Rb3 Rgb8 28. Rhb1 R8b7 29. Rxb5 Rxb5 30. Rb3 1/2-1/2

[Event "BCF-chT4S 1718 (4NCL)"]
[Site "England"]
[Date "2018.01.13"]
[Round "3.56"]
[White "Davidson, Laura"]
[Black "Perez Fadon, Andres"]
[Result "1/2-1/2"]
[WhiteElo "1656"]
[BlackElo "1550"]
[PlyCount "51"]
[EventDate "2017.11.11"]
[EventType "team-swiss"]
[EventRounds "11"]
[EventCountry "ENG"]
[SourceTitle "EXT 2020"]
[Source "ChessBase"]
[SourceDate "2019.10.17"]
[SourceVersion "1"]
[SourceVersionDate "2019.10.17"]
[SourceQuality "1"]
[WhiteTeam "Throw in the Tal"]
[BlackTeam "All Anands on Deck"]
[WhiteTeamCountry "ENG"]
[BlackTeamCountry "ENG"]

1. d4 e6 2. Nf3 d5 3. e3 Nf6 4. Bd3 Bd6 5. Nbd2 0-0 6. 0-0 b6 7. c3 Ba6 8. Bxa6 Nxa6 9. Qe2 Nb8 10. e4 dxe4 11. Nxe4 Nxe4 12. Qxe4 Nd7 13. Bg5 Be7 14. Bxe7 Qxe7 15. Rfe1 Qd6 16. Qh4 c5 17. Rad1 Nf6 18. dxc5 Qxc5 19. Re5 Qe7 20. Ng5 Rad8 21. Rde1 h6 22. Nf3 Nd5 23. Qe4 Qf6 24. Nd4 Qf4 25. Nc6 Qxe4 26. R5xe4 1/2-1/2

[Event "GBR-ch Major 104th"]
[Site "Llandudno"]
[Date "2017.08.02"]
[Round "5"]
[White "Davidson, Laura"]
[Black "Hilton, Tim"]
[Result "0-1"]
[WhiteElo "1564"]
[BlackElo "1826"]
[PlyCount "84"]
[EventDate "2017.07.29"]
[EventType "swiss"]
[EventRounds "9"]
[EventCountry "WLS"]
[SourceTitle "CBM 179 Extra"]
[Source "ChessBase"]
[SourceDate "2017.08.23"]
[SourceVersion "1"]
[SourceVersionDate "2017.08.23"]
[SourceQuality "1"]

1. d4 Nf6 2. Nf3 g6 3. Bg5 Bg7 4. e3 0-0 5. Bd3 d6 6. Nbd2 Nbd7 7. 0-0 b6 8. c3 Bb7 9. e4 e5 10. Re1 h6 11. Bh4 Re8 12. a4 a6 13. Qc2 g5 14. Bg3 Nh5 15. Nb3 Nf8 16. Rad1 Qf6 17. Qe2 Nf4 18. Qc2 N8g6 19. Kh1 Bc8 20. Nfd2 h5 21. f3 g4 22. Rf1 Qg5 23. fxg4 Qxg4 24. Nf3 h4 25. Be1 Nxd3 26. Qxd3 Nf4 27. Qc2 h3 28. g3 Ng2 29. Bd2 f5 30. Nc1 fxe4 31. Ng5 Bf5 32. Qb3+ Be6 33. Nxe6 Qxe6 34. Qxe6+ Rxe6 35. d5 Ree8 36. Ne2 e3 37. Bc1 Rf8 38. Rxf8+ Rxf8 39. Ng1 Bh6 40. Nxh3 e2 41. Rg1 Rf1 42. Kxg2 Rxg1+ 0-1

[Event "GBR-ch Major 104th"]
[Site "Llandudno"]
[Date "2017.07.31"]
[Round "3"]
[White "Davidson, Laura"]
[Black "Boswell, Jacob Connor"]
[Result "1/2-1/2"]
[WhiteElo "1564"]
[BlackElo "1914"]
[PlyCount "87"]
[EventDate "2017.07.29"]
[EventType "swiss"]
[EventRounds "9"]
[EventCountry "WLS"]
[SourceTitle "CBM 179 Extra"]
[Source "ChessBase"]
[SourceDate "2017.08.23"]
[SourceVersion "1"]
[SourceVersionDate "2017.08.23"]
[SourceQuality "1"]

1. e4 e5 2. Nf3 Nc6 3. Bc4 Bc5 4. c3 Nf6 5. d3 d6 6. Nbd2 a6 7. Bb3 Ba7 8. 0-0 Bg4 9. Re1 0-0 10. Nf1 Re8 11. Ng3 Be6 12. Bc2 d5 13. exd5 Nxd5 14. h3 f6 15. Nh4 Qd7 16. Be3 Nxe3 17. fxe3 f5 18. Kh2 f4 19. exf4 Bf2 20. Rf1 exf4 21. Ngf5 Bg3+ 22. Nxg3 fxg3+ 23. Kxg3 Qd6+ 24. Kf2 Bxh3 25. Bb3+ Be6 26. d4 Na5 27. Nf3 Nxb3 28. axb3 Bg4 29. Kg1 Re3 30. Qd2 Rae8 31. Rae1 Qh6 32. Ne5 Rxe1 33. Qxe1 Be6 34. b4 Bd5 35. Qf2 b5 36. Qf4 Qd6 37. Qf2 Qd8 38. Qf4 Qe7 39. Qf2 Qg5 40. Nd7 h5 41. Ne5 g6 42. Nf3 Qe3 43. Ne5 Qg5 44. Nf3 1/2-1/2

[Event "BCF-ch U13"]
[Site "Coventry"]
[Date "2015.07.30"]
[Round "5"]
[White "Davidson, Laura"]
[Black "Sivarajasingam, Shayanna"]
[Result "1/2-1/2"]
[WhiteElo "1456"]
[BlackElo "1689"]
[PlyCount "32"]
[EventDate "2015.07.27"]
[EventType "swiss"]
[EventRounds "7"]
[EventCountry "ENG"]
[SourceTitle "CBM 167 Extra"]
[Source "ChessBase"]
[SourceDate "2015.09.14"]
[SourceVersion "1"]
[SourceVersionDate "2015.09.14"]
[SourceQuality "1"]

1. e4 e6 2. d4 d5 3. Nc3 dxe4 4. Nxe4 Nd7 5. Nf3 Ngf6 6. Bg5 Be7 7. Nxf6+ Nxf6 8. Bd3 h6 9. Bh4 b6 10. Ne5 Qd5 11. Bxf6 Bxf6 12. Qh5 Bxe5 13. Qxe5 Qxe5+ 14. dxe5 Bb7 15. f3 Ke7 16. Kf2 Rhd8 1/2-1/2

[Event "BCF-ch U13"]
[Site "Coventry"]
[Date "2015.07.28"]
[Round "2"]
[White "Davidson, Laura"]
[Black "Hafstad, Leif"]
[Result "1-0"]
[WhiteElo "1456"]
[BlackElo "1622"]
[PlyCount "45"]
[EventDate "2015.07.27"]
[EventType "swiss"]
[EventRounds "7"]
[EventCountry "ENG"]
[SourceTitle "CBM 167 Extra"]
[Source "ChessBase"]
[SourceDate "2015.09.14"]
[SourceVersion "1"]
[SourceVersionDate "2015.09.14"]
[SourceQuality "1"]

1. e4 e6 2. d4 d5 3. Nc3 Bb4 4. e5 Bxc3+ 5. bxc3 Ne7 6. h4 c5 7. Qg4 Nf5 8. Bd3 h5 9. Qf4 Qa5 10. Bd2 Qc7 11. Nf3 b6 12. g4 hxg4 13. Qxg4 Rg8 14. h5 g6 15. h6 Rh8 16. h7 Nd7 17. Bb5 a6 18. Bxd7+ Bxd7 19. Qg5 Qd8 20. Qxd8+ Kxd8 21. Bg5+ Kc7 22. Bf6 Ba4 23. Ng5 1-0